| 000 | 01517nam a2200481 i 4500 | ||
|---|---|---|---|
| 001 | 4352 | ||
| 003 | KOSZ 005 | ||
| 005 | 20210112115809.0 | ||
| 008 | 020912s1977 pl a |000 0 pol | ||
| 015 | _aUWD 1977/10653 | ||
| 035 | _a991019403769705066 | ||
| 035 | _a(PL-WaBN)b15256492-48omnis_nlop | ||
| 035 | _ab15256492 | ||
| 035 | _a(OCoLC)749169296 | ||
| 035 | _a(PL)b0000001525649 | ||
| 035 | _a(EXLNZ-48OMNIS_NETWORK)9910017142405606 | ||
| 040 |
_aWA N _cWA N _dKOSZ 005/AR _dKOSZ 005/HR |
||
| 041 | 0 | _apol | |
| 044 | _apl | ||
| 046 | _k1977 | ||
| 080 | _a001.895 | ||
| 080 | _a347.77 | ||
| 100 | 1 |
_aNazarewski, Jerzy _eAutor |
|
| 245 | 1 | 0 |
_aBadania patentowe / _cJerzy Nazarewski. |
| 260 |
_aWarszawa : _bWydawnictwa Naukowo-Techniczne, _c1977. |
||
| 300 |
_a267, [1] strona : _bilustracje ; _c24 cm. |
||
| 336 |
_aTekst _btxt _2rdacontent |
||
| 337 |
_aBez urządzenia pośredniczącego _bn _2rdamedia |
||
| 338 |
_aWolumin _bnc _2rdacarrier |
||
| 380 | _aKsiążki | ||
| 380 | _aPublikacje naukowe | ||
| 388 | _a1901-2000 | ||
| 388 | _a1945-1989 | ||
| 504 | _aBibliografia przy rozdziałach. | ||
| 650 | 7 |
_aPatenty _2DBN |
|
| 650 | 7 | _aWartości niematerialne i prawne | |
| 650 | 7 | _aPrawo patentowe | |
| 650 | 7 | _aWynalazki | |
| 710 | 2 |
_aWydawnictwa Naukowo-Techniczne _4pbl |
|
| 856 |
_uhttp://koha.tu.koszalin.pl/cgi-bin/koha/opac-detail.pl?biblionumber=4352 _yKatalog online BPK |
||
| 942 |
_2UKD _cKS |
||
| 999 |
_c4352 _d4352 |
||